| 000 | 00605nam a2200121Ia 4500 | ||
|---|---|---|---|
| 008 | 220615s9999||||xx |||||||||||||| ||und|| | ||
| 100 | _aAntonio Becchi (ed.)||Domenico Bertoloni Meli (ed.)||Enrico Gamba (ed.) | ||
| 245 | 0 |
_aGuidobaldo del Monte (1545–1607) _bTheory and Practice of the Mathematical Disciplines from Urbino to Europe |
|
| 546 | _aEnglish[eng] | ||
| 650 | _aepistemology||globalization||science||MPRL||Edition Open Access||global history||interdisciplinary research||history of science||knowledge | ||
| 856 | _uhttp://www.edition-open-access.de/proceedings/4/index.html | ||
| 942 | _cEB | ||
| 999 |
_c10765 _d10765 |
||